Liberalizácia povinného poistenia v Česku veľa nezmenila

Český trh prežíva prvé mesiace úplnej liberalizácie povinného poistenia automobilov. České sadzby v súčasnosti o viac ako polovicu prevyšujú slovenské, hoci zloženie vozového parku a ceny automobilov a ich opráv sú porovnateľné. Rozdiely medzi českým a slovenským poistením. Problémy s kamiónmi.

Guardado en:
Detalles Bibliográficos
Autor principal: Záborský, Ján
Formato: Capítulo de libro
Lenguaje:eslovaco
Materias:
Etiquetas: Agregar Etiqueta
Sin Etiquetas, Sea el primero en etiquetar este registro!

MARC

LEADER 00000naa a2200000 4500
001 r048034
005 20230921114647.3
041 0 |a slo 
044 |a SK 
245 1 0 |a Liberalizácia povinného poistenia v Česku veľa nezmenila  |c Ján Záborský 
520 |a Český trh prežíva prvé mesiace úplnej liberalizácie povinného poistenia automobilov. České sadzby v súčasnosti o viac ako polovicu prevyšujú slovenské, hoci zloženie vozového parku a ceny automobilov a ich opráv sú porovnateľné. Rozdiely medzi českým a slovenským poistením. Problémy s kamiónmi. 
610 2 0 |a poistenie povinné 
610 2 0 |a automobily 
610 2 0 |a liberalizácia 
610 2 0 |a automobily nákladné 
610 2 0 |a Česko 
610 2 0 |a Slovensko 
100 1 |a Záborský, Ján